000 00566nam a22001937a 4500
005 20260522121815.0
010 _aENG-148615
020 _c399.00
_a9789348892829
035 _aEN-132147
037 _bDBAD
082 _a332
100 _aOgutu, Gabriel O.
_989197
245 _aForensic Accounting & Fraud Investigation/
_cGabriel O. Ogutu
250 _a1
260 _aKolkata
_bExceller Books
_c2025
270 _aG1 Dream Apartment, Degree College Road
_b Belgharia,Kolkata
300 _a175p.
_c21cm(pbk)
942 _2ddc
_cEN
_mOGU
_h332
999 _c216349
_d216349